| 000 | 00417nam a2200133Ia 4500 | ||
|---|---|---|---|
| 008 | 211119s9999||||xx |||||||||||||| ||und|| | ||
| 082 |
_a808.882 _bROG-I |
||
| 100 | _aRogak, Lisa | ||
| 245 | 0 | _aImpatient Optimist Bill Gates:In His Own Words | |
| 260 |
_bHarpercollins _aNoida _c2012 |
||
| 300 | _a182p | ||
| 650 |
_a Literature & rhetoric _vRhetoric & collections of literatureManagement _xMBA LIBRARY |
||
| 942 | _cBOOK | ||
| 999 |
_c119348 _d119348 |
||